000 00484nam a22001337a 4500
082 _aMSCS-1 MAN
100 _aHasan Mansoor
_998334
245 _aDetermining the attitude of UK-DMC by registering its single bank, dual band imagery
260 _aIslamabad
_bNUST-SEECS
_c2015
300 _aPv.
_bill.;
_eCD ROM
500 _aDr. Rafia Mumtaz, Dr. Awais Shibli, Dr. Sarah Shafiq Khan, Dr. Khahif Sharif
856 _uhttp://10.250.8.41:8080/xmlui/handle/123456789/8259
942 _cPR
_2ddc
999 _c13417
_d13417